000 00889nam a2200277Ia 4500
003 OSt
005 20221005043026.0
006 a|||||r|||| 00| 0
007 ta
008 221004b |||||||| |||| 00| 0 eng d
020 _a9781474430029 (hbk)
_cUKP 75.00
024 _a42946
037 _bIN38845, 15/03/2019, Saras Books
_cTextual
040 _aCRL
_cCRL
_beng
041 _2eng
_aeng
082 _aO111973:g, Q8
100 _aDaw Sarah Au.
_9591144
245 0 _aWriting nature in cold war american literature
260 _aEdinburgh
_bEdinburgh University Press UK
_c2018
300 _a256p.
_ccm.
490 _aModern american literature and the new twentieth century
650 _a COLD WAR
_9571928
650 _aAMERICAN LITERATURE
942 _hO111973:g, Q8
_cTEXL
_2cc
999 _c951188
_d951188